NFL MVPS-Sudden Death - Statistics

General Stats
  • This quiz has been taken 1,726 times
    1,716 since last reset
  • The average score is 5 of 10
Answers on the Grid
Answers color-coded by a green-red scale on the quiz's grid according to % correct below.
Patrick Mahomes
Drew Brees
Eli Manning
Peyton Manning
Shaun Alexander
Marshawn Lynch
OJ Simpson
Brock Purdy
Josh Allen
Lamar Jackson
Jalen Hurts
Ashton Jeanty
Rich Gannon
Tress Way
Odell Beckham JR
Josh Gordon
Aaron Rodgers
Jerry Rice
Julio Jones
Rob Gronkowski
Barry sanders
Russell Wilson
Doug Baldwin
Bo Jackson
Ladanian Tomlinson
 
Answer Stats
Answer % Correct
Patrick Mahomes
97%
Aaron Rodgers
55%
Josh Allen
55%
Peyton Manning
55%
Lamar Jackson
53%
Shaun Alexander
36%
Ladanian Tomlinson
35%
Barry sanders
33%
OJ Simpson
33%
Rich Gannon
24%
No matching quizzes found
Score Distribution
Percent of People with Each Score
Percentile by Number Answered
Your Score History
You have not taken this quiz since the last reset